000 00321nam a2200121 a 4500
005 20141022142003.0
008 080909s19uu xx 00 eng d
050 _aVCD
_bAJN1 2003
245 _aAJN: A head -to-Toe :
_bpediatric assessment.
650 _aVCD Nursing.
650 _aA head-to-toe assessment
942 _cAVM
999 _c276404
_d276404